000 00650nam a2200193Ia 4500
003 GCL
005 20240530095233.0
008 140319s9999 xx 000 0 ara d
040 _aGCL /
_cGCL
082 0 4 _a962.02
_bق/أ و
100 1 _aاحمد يوسف
245 1 0 _aالولع الفرنسى بمصر من الحلم الى المشروع /
_cاحمد يوسف
250 _aالاولى
260 _aالقاهرة :
_bالمجلس الاعلى للثقافة ،
_c2003
300 _a195 ص ؛
_c24 سم
650 0 4 _aمصر - تاريخ
650 0 4 _aمصر - تاريخ - الحملة الفرنسية (1798-1801م)
942 _2ddc
_cBK
999 _c5279
_d5279